1665 1249 1356 1952 1855 1308 1878 1753 1077 1250 1739 1679 1432 1194 1784 1557 1195 1814 1598 1222 1698 1799 1095 1415 1634 1036 1306 1608 1087 1808 1164 1321 1171 1912 1899 1221 1663 1172 1570 1932 1253 1576 1683 1298 1987 1643 1471 1510 1097 1411 1555 1594 1652 1976 1355 1425 1875 1168 1184 1329 1572 1321 1936 1685 1254 1030 1728 1026 1390 1601 1909 1353 1027 1342 1988 1383 1643 1602 1536 1612 1382 1599 1265 1490 1627 1400 1117 1319 1274 1356 1333 1821 1443 1555 1708 1770 1809 1200 1993 BCNSPRNW ULIB Ver.6.0+V

เปลี่ยนเป็นภาษาไทย

Change to English
 แสดงรายละเอียดบรรณานุกรม
  กลับหน้าหลัก

Brief Record : Get Marc (ISO 2709) : E-mail record : QR code < ปิดหน้าต่าง
LEADER : 00000nam 2200000uu 4500
001    13399120610
003     ULIB
008    120928s2550||||th 000 0 tha d
020    ^a9743451277
020    ^a9789743451270
060 04 ^aWY152.5^bฉ432ค 2550
100 0  ^aเฉลิมศรี สุวรรณเจดีย์
245 10 ^aคู่มือการพยาบาลโรคหัวใจ /^cเฉลิมศรี สุวรรณเจดีย์
250    ^aพิมพ์ครั้งที่ 5 (ฉบับปรับปรุงครั้งที่ 1)
260    ^aกรุงเทพฯ :^bบพิธการพิมพ์,^c2550
300    ^a244 หน้า :^bภาพประกอบ ;^c21 ซม.
650  7 ^aการบันทึกคลื่นไฟฟ้าหัวใจ
650  7 ^aผู้ป่วย, การดูแล
650  7 ^aหัวใจ, โรค^xการพยาบาล
945    ^p160^l0^i14201
945    ^p160^l0^i14202
945    ^p160^l0^i15727
945    ^p160^l0^i16220
995    ^aวิภา
999 ^a ใช้งานได้ทุกระบบ
รายการนี้ยังไม่มีแท็ก
คุณยังไม่ได้ล็อกอิน คุณสามารถมีกิจกรรมร่วมกับเว็บไซต์ได้ แต่ต้องล็อกอินก่อน ::
  ล็อกอิน

รายการสื่อสารสนเทศ

ลำดับที่ ประเภท เลขเรียก/บาร์โค้ด สถานที่ สถานะ
1. วิทยาศาสตร์การแพทย์ และสุขภาพ
วิทยาศาสตร์การแพทย์ และสุขภาพ
WY152.5 ฉ432ค 2550  
  Barcode: 14201
ห้องสมุดวิทยาเขตสวรรค์ประชารักษ์
►ส่วนจัดเก็บหนังสือเก่า สปร
บนชั้น
  ขอยืม
2. วิทยาศาสตร์การแพทย์ และสุขภาพ
วิทยาศาสตร์การแพทย์ และสุขภาพ
WY152.5 ฉ432ค 2550 ฉ.2 
  Barcode: 14202
ห้องสมุดวิทยาเขตสวรรค์ประชารักษ์
►ส่วนจัดเก็บหนังสือเก่า สปร
บนชั้น
  ขอยืม
3. วิทยาศาสตร์การแพทย์ และสุขภาพ
วิทยาศาสตร์การแพทย์ และสุขภาพ
WY152.5 ฉ432ค 2550 ฉ.3 
  Barcode: 15727
ห้องสมุดวิทยาเขตสวรรค์ประชารักษ์
►ส่วนจัดเก็บหนังสือเก่า สปร
บนชั้น
  ขอยืม
4. วิทยาศาสตร์การแพทย์ และสุขภาพ
วิทยาศาสตร์การแพทย์ และสุขภาพ
WY152.5 ฉ432ค 2550 ฉ.4 
  Barcode: 16220
ห้องสมุดวิทยาเขตสวรรค์ประชารักษ์
►ส่วนจัดเก็บหนังสือเก่า สปร
บนชั้น
  ขอยืม

รายการใกล้เคียง
    ผู้แต่ง [เฉลิมศรี สุวรรณเจดีย์]

    หัวเรื่อง [การบันทึกคลื่นไฟฟ้าหัวใจ]
    หัวเรื่อง [ผู้ป่วย, การดูแล]

BibComment


ยังไม่เคยถูกคอมเมนท์

คอมเมนท์ทรัพยากรรายการนี้
  คอมเมนท์: คู่มือการพยาบาลโ..


 Copyright 2026. Bcnsprnw @Library